| 000 | 00666nam a2200229 a 4500 | ||
|---|---|---|---|
| 001 | 000041282 | ||
| 005 | 20240412074300.0 | ||
| 008 | 130927s2011 mx a 000 p spa d | ||
| 020 | _a9786077921769 | ||
| 040 |
_aDO-SdBNP _bspa _cBNPHU |
||
| 082 |
_aRD861.44 _bM398c |
||
| 100 | 1 |
_aMason, Christian _967896 |
|
| 245 | 1 | 0 |
_aCósmico suspiro / _cChristian Mason. |
| 260 |
_aMéxico : _bFontamara, _c2011. |
||
| 300 |
_a160 p. : _bil. ; _c21 cm. |
||
| 490 | 1 |
_aCisne _v139 |
|
| 590 | _aInventariado, 2018/LP | ||
| 650 | 0 |
_aPoesía dominicana _966 |
|
| 650 | 0 |
_aLiteratura dominicana. _967 |
|
| 830 | 0 |
_aCisne _n139 _967897 |
|
| 910 | _aValidado. Control de calidad MFF | ||
| 999 |
_c40772 _d40772 |
||